5HLuxD.jpg

KING HENRY VIII SENIOR AND PRIMARY SCHOOL LIBRARY OPAC

The baby-sitters club : (Record no. 5255)

000 -LEADER
fixed length control field 01986nam a2200385Ii 4500
003 - CONTROL NUMBER IDENTIFIER
control field OSt
005 - DATE AND TIME OF LATEST TRANSACTION
control field 20250828153845.0
008 - FIXED-LENGTH DATA ELEMENTS--GENERAL INFORMATION
fixed length control field 171106s2017 nyua j 6 000 1 eng d
020 ## - INTERNATIONAL STANDARD BOOK NUMBER
International Standard Book Number 9781338888270
040 ## - CATALOGING SOURCE
Original cataloging agency BTCTA
Language of cataloging eng
Transcribing agency BTCTA
Modifying agency YDX
-- WIM
-- OCLCO
-- OCLCF
-- JSE
-- CHILD
-- SRC
-- ORX
-- CaOL
Description conventions rda
-- KH8
082 ## - DEWEY DECIMAL CLASSIFICATION NUMBER
Classification number FIC GAL
100 1# - MAIN ENTRY--PERSONAL NAME
Personal name Galligan, Gale,
Relator term author,
-- artist.
245 10 - TITLE STATEMENT
Title The baby-sitters club :
Remainder of title Dawn and the impossible three /
Statement of responsibility, etc. a graphic novel by Gale Galligan ; with color by Braden Lamb.
250 ## - EDITION STATEMENT
Edition statement First edition.
264 #1 - PRODUCTION, PUBLICATION, DISTRIBUTION, MANUFACTURE, AND COPYRIGHT NOTICE
Place of production, publication, distribution, manufacture New York :
Name of producer, publisher, distributor, manufacturer Graphix, an imprint of Scholastic,
Date of production, publication, distribution, manufacture, or copyright notice 2023.
300 ## - PHYSICAL DESCRIPTION
Extent 145 pages :
Other physical details colour illustrations ;
Dimensions 21 cm.
336 ## - CONTENT TYPE
Content type term text
Source rdacontent.
336 ## - CONTENT TYPE
Content type term still image
Source rdacontent.
337 ## - MEDIA TYPE
Media type term unmediated
Source rdamedia.
338 ## - CARRIER TYPE
Carrier type term volume
Source rdacarrier.
490 1# - SERIES STATEMENT
Series statement Baby-sitters Club ;
Volume/sequential designation 5.
500 ## - GENERAL NOTE
General note Based on the novel by Ann M. Martin.
500 ## - GENERAL NOTE
General note At head of title: Baby-sitters club.
520 ## - SUMMARY, ETC.
Summary, etc. Dawn Schafer is the newest member of The Baby-sitters Club. While she's still adjusting to life in Stoneybrook after moving from sunny California, she's eager to accept her first big job. But taking care of the three Barrett kids would be too much for any baby-sitter. The house is always a mess, the kids are out of control, and Mrs. Barrett never does any of the things she promises. On top of all that, Dawn wants to fit in with the other members of the BSC, but she can't figure out how to get along with Kristy. Was joining The Baby-sitters Club a mistake?
650 #0 - SUBJECT ADDED ENTRY--TOPICAL TERM
Topical term or geographic name entry element Babysitters Club (Imaginary organization)
Form subdivision Juvenile fiction.
650 #0 - SUBJECT ADDED ENTRY--TOPICAL TERM
Topical term or geographic name entry element Babysitters
Form subdivision Juvenile fiction.
650 #0 - SUBJECT ADDED ENTRY--TOPICAL TERM
Topical term or geographic name entry element Clubs
Form subdivision Juvenile fiction.
650 #0 - SUBJECT ADDED ENTRY--TOPICAL TERM
Topical term or geographic name entry element Girls
Form subdivision Juvenile fiction.
650 #7 - SUBJECT ADDED ENTRY--TOPICAL TERM
Topical term or geographic name entry element Graphic novels.
Source of heading or term genre.
650 #7 - SUBJECT ADDED ENTRY--TOPICAL TERM
Topical term or geographic name entry element Comics (Graphic works)
Source of heading or term genre.
700 1# - ADDED ENTRY--PERSONAL NAME
Personal name Martin, Ann M.,
Dates associated with a name 1955-
Relator term creator.
700 1# - ADDED ENTRY--PERSONAL NAME
Personal name Lamb, Braden,
Relator term colourist.
830 #0 - SERIES ADDED ENTRY--UNIFORM TITLE
Uniform title Baby-sitters Club (Graphix (Firm)) ;
Volume/sequential designation 5.
942 ## - ADDED ENTRY ELEMENTS (KOHA)
Source of classification or shelving scheme
Koha item type Graphic Novel
Holdings
Withdrawn status Lost status Source of classification or shelving scheme Damaged status Not for loan Collection code Permanent Location Current Location Shelving location Date acquired Total Checkouts Full call number Barcode Date last seen Date last checked out Price effective from Koha item type
          Fiction KH8 Senior School Library KH8 Senior School Library Graphic Novel 2025-08-28 2 FIC GAL 3KHSL000102339 2025-11-26 2025-11-26 2025-08-28 Graphic Novel

Powered By KH8 IT Dept